|
|
|
|
| LEADER |
01055nam a2200229 a 4500 |
| 001 |
11274946 |
| 008 |
090908s19811986th ar i0 a0eng d |
| 010 |
|
|
|a 83645331
|z sn 83010398
|
| 040 |
|
|
|a OrU
|c OrU
|d NST
|d DLC
|d NST
|d DLC
|d NST
|d MH
|d NST
|d MH
|d DLC
|d NST
|d CLU
|d NST
|d WaU
|d DLC
|d NST
|d OCoLC
|d DNLM
|d InU
|
| 082 |
0 |
|
|a 379/.95
|2 19
|
| 245 |
0 |
0 |
|a Bulletin of the Unesco Regional Office for Education in Asia and the Pacific :
|b distance education in Asia and the Pacific.
|
| 260 |
|
|
|a Bangkok :
|b The Office,
|c c1981-1986.
|
| 300 |
|
|
|a 6 v. :
|b ill. ;
|c 24 cm.
|
| 310 |
|
|
|a Annual
|
| 362 |
0 |
|
|a No. 26 (December 1985)
|
| 541 |
1 |
|
|e 00002806
|
| 650 |
|
0 |
|a Education
|v Periodicals.
|
| 650 |
|
0 |
|a Education
|z Asia
|v Periodicals.
|
| 650 |
|
0 |
|a Education
|z Oceania
|v Periodicals.
|
| 710 |
2 |
|
|a Unesco.
|b Regional Office for Education in Asia and the Pacific.
|
| 999 |
|
|
|c 3959
|d 3959
|
| 952 |
|
|
|0 0
|1 0
|2 ddc
|4 0
|6 379_950000000000000_BUL_1985
|7 0
|9 3642
|a BRACUL
|b BRACUL
|c GEN
|d 2009-09-16
|g 0.00
|l 0
|o 379.95 BUL
|p 3010002806
|r 2009-09-16
|t 1
|w 2009-09-16
|y BK
|x No price found in the accession register.
|